Quizzes
Events
Quiz Creation
Community
Videos
Private Events
Remove Ads
Sign In
Join for FREE
Feedback
Dark Mode
Quiz Categories
Sports
Geography
Music
Movies
Television
Just For Fun
Miscellaneous
History
Literature
Language
Science
Gaming
Entertainment
Religion
Holiday
For Kids
Quiz Lab
Recent
Popular Today
Quiz Kudos Today
Editor Picks
Curator Picks
Quizzes by...
Day
Popularity
Type
Ratings
Length
Year
Community
Subscriptions
Recent Discussions
Orange Saloon
Badges
Playlists
Quests
Create
Leaderboards
Showdown
Live 5
Trivia Bingo
Activity
Puzzle Library
Sporcle Events
Private Events
Virtual Trivia
Globe League
Become a Host
Pub Owners
SporcleCon
Opinionation
Our Games
Videos
Blog
Mobile Apps
Partnerships
Remove Ads and Go Orange
Feedback
Geography
Country
Landmarks
City
State
Population
World
Capital
Continent
Flags
Europe
Africa
Asia
South America
North America
Oceania
Border
Canada
United Kingdom
Topography
United States
Geography
Country
Landmarks
City
State
Population
World
Capital
Continent
Flags
Europe
Africa
Asia
South America
North America
Oceania
Border
Canada
United Kingdom
Topography
United States
Random Quiz
Search Sporcle
×
Quiz Lab
Quiz Lab
Geography
City
Type in answers that appear in a list
Type in answers that appear in a list
Classic
Best Score? Go Orange.
US Cities w/ Light Rails or Subways Stats
Can you name the US Cities w/ Light Rails or Subways?
By
s_a_r_a
5m
32 Questions
3,770 Plays
3,770 Plays
3,770 Plays
Comments
Comments
Give Quiz Kudos
Give Quiz Kudos
-
- Ratings
hide this ad
More Info
Random Order
Randomize order of answers
Randomize order of answers
Replay
Link that replays current quiz
Next Quiz
Link to next quiz in quiz playlist
You Got
0%
They Got
Avg Score
86%
Avg Friend Score
Upgrade to see
Score Distribution
Jump to the score distribution portion of the page
Score
0/32
Timer
05:00
0
Plays Today
State
City
% Correct
California
Los Angeles
97.7%
California
San Francisco
96.6%
Massachussetts
Boston
96.4%
Illinois
Chicago
96%
Florida
Miami
96%
Texas
Dallas
95.6%
New York
New York
95.5%
Texas
Houston
95.1%
Washington
Seattle
94.8%
Pennsylvania
Philadelphia
94.6%
Georgia
Atlanta
93.6%
California
San Diego
92.6%
Michigan
Detroit
91.2%
Oregon
Portland
90.7%
n/
a
Washington
90.1%
Colorado
Denver
90.1%
State
City
% Correct
Arizona
Phoenix
89%
Ohio
Cleveland
88.9%
Maryland
Baltimore
88.9%
Pennsylvania
Pittsburgh
88.6%
Minnesota
Minneapolis
88.3%
Missouri
St. Louis
86.9%
Nevada
Las Vegas
84%
New York
Buffalo
78.5%
Utah
Salt Lake City
78.3%
North Carolina
Charlotte
76.5%
New Jersey
Newark
74.4%
Florida
Jacksonville
73.6%
California
Sacramento
71.8%
Minnesota
St. Paul
71.7%
California
San Jose
69.8%
Texas
Austin
57.2%
Quiz Playlist
Details
Report
Send in Message
Add To Playlist
More Info:
Name all US cities with subway or light rail systems.
Classic:
Type in answers that appear in a list
Random Order:
Randomize order of answers
Quiz Source
Last Updated: Aug 19, 2017
Quiz Scoreboard
CHALLENGE
Sign Up to Join the Scoreboard
Show All
Scores
Hide
Comments
May contain spoilers
Recently Published
NBA Finals Game Top Scorers (2010s)
by flibbidy
Sports
5m
Guess the 'R' Things in 3 Words
by MSUKent
Miscellaneous
3m
Actor to Badly Drawn Movie III
by MoMosMoProblems
Movies
5m
More to Explore
Quiz From the Vault
Featured Blog Post
Where Does Lost Luggage Go?
hide this ad
You Might Also Like...
Tags
City Quiz
United States Quiz
America
Light Rail
Subway
transport
transportation
Today's Top Quizzes in Geography
Browse Geography
hide this ad
Today's Top Quizzes in City
Browse City
Top Contributed Quizzes in Geography
1
Countries of the World - No Outlines Minefield
2
Find the Landmarks A-Z
3
Lietuvos savivaldybės (Lithuanian Municipalities)
4
Blind Ultimate Minefield: World
5
Ultimate Geography Challenge 'A'
6
Find the US States - No Outlines
7
3, 2, 1 or 0: Land Borders
8
Complete the Map Snippet (Minefield) IX
9
Nickname Match: U.S. States
10
Complete the Map Snippet (Minefield) X
Explore More
Trending Topics
Disney
Harry Potter
Anime
Crossword
Kpop
NBA
Marvel
Soccer
Pokémon
The Office
WWE
Song
NFL
Puzzle
Country
hide this ad
More By:
s_a_r_a
Quiz
Plays
Rating
Category
Featured
Created
US Cities w/ Light Rails or Subways
3,770
2.26
Geography
Sep 10, 2010
Common IB Acronyms
809
4.33
Miscellaneous
Sep 26, 2010
Go to Creator's Profile
Score Distribution
Quiz Creator Spotlight
s_a_r_a
Follow
Send a Message
Quizzes Created
-
Created Quiz Play Count
-
More By This Creator
Popular Quizzes Today
1
Find the US States - No Outlines Minefield
2
Find the US States
3
The Countries of the World
4
10 Largest US States in Order
5
Find the Countries of Europe - No Outlines Minefield
6
US States
7
Guess the 'R' Things in 3 Words
8
NBA Finals Game Top Scorers (2010s)
More Geography Quizzes
Find US States That Are Commonwealths
Published
Trending Quizzes
First Name TV: Leading Men
First Name TV: Leading Women Drama
Match the Book to the Film II
Pick A Pair: Religious TV
Match the Book to the Film VI
Recently Updated
Women's Final Four Teams by Year
bhenderson79
Presidents Quartet II
eogle
Anything But Clue(do)
eogle
Anything But Oceanian Capitals
eogle
Anything But 7
eogle
Anything But Thing
eogle
Word Ladder: February 29
pecheneg
Song Title Questions
pecheneg
Women's NCAA Tournament #1 Seeds
pecheneg
Celebrity Mug Shots
pecheneg
Trending Topics
Disney
Crossword
Kpop
NBA
Marvel
Harry Potter
Anime
Puzzle
WWE
The Office
Song
Pokémon
NFL
Soccer
Country
Your Account Isn't Verified!
In order to create a playlist on Sporcle, you need to verify the email address you used during registration. Go to your
Sporcle Settings
to finish the process.
Report this User
Report this user for behavior that violates our
Community Guidelines
.
Details:
Send Report
Go to the Sporcle.com Mobile Site →
Comments